Twenty One Pilots - Robot Voices (Lyrics) - Statistics

General Stats
  • This quiz has been taken 46 times
  • The average score is 207 of 248
Answer Stats
Answer % Correct
a
100%
A
100%
me
100%
me?
100%
The
100%
the
100%
An
96%
and
96%
And
96%
I
96%
robot
96%
my
93%
on
93%
told
93%
When
93%
you
93%
you,
93%
But
89%
for
89%
found
89%
in
89%
met
89%
safe
89%
shouldn't
89%
voices
89%
warm
89%
did
85%
fear
85%
How
85%
just
85%
lookin'
85%
love
85%
reassure
85%
stay
85%
that
85%
this
85%
while
85%
year
85%
find
81%
floor
81%
keep
81%
so
81%
So,
81%
wasn't
81%
would
81%
dance
78%
lines
78%
machines
78%
robots
78%
They
78%
they
78%
company
74%
four
74%
One,
74%
room
74%
three,
74%
Three,
74%
two,
74%
wanna
74%
fancy
70%
Feeling
70%
style
70%
changes
67%
Everyone
67%
I'm
67%
sees
67%
time
67%
understanding
67%
inside
63%
make
63%
Now
63%
only
63%
take
63%
Then
63%
waiting
63%
are
59%
jokes
59%
beeps
56%
landing
56%
advice
52%
flashes
52%
friend
52%
As
48%
drawn
48%
generating
48%
half-
48%
metal
48%
tones
48%
blinds
44%
casting
44%
strips
44%
daisy-
37%
loneliness
37%
newfound
37%
chained
33%
power
33%
No matching quizzes found
Score Distribution
Percent of People with Each Score
Percentile by Number Answered
Your Score History
You have not taken this quiz